Gaming Quiz

Random Gaming or Board Games Quiz

Slogan to Board Game Match Quiz Stats

Quiz Updated Jan 21, 2018

Challenge
Share
Tweet
Score 0/20 Timer 05:00
0 Plays Today
% Correct
Operation
94.8%
Scrabble
93.4%
Hungry, Hungry Hippos
92.6%
Guess Who?
91.3%
Battleship
90.1%
Mouse Trap
88.7%
Monopoly
88.2%
Cluedo
88%
Trivial Pursuit
81.6%
Candyland
80.2%
% Correct
Sorry!
72.2%
Pictionary
71.6%
Risk
69.5%
Diplomacy
67%
The Game of Life
66%
Cranium
65.5%
Balderdash
63.5%
Catan
62.8%
Parcheesi
57.8%
Tigris & Euphrates
41.9%

You're not logged in!

Compare scores with friends on all Sporcle quizzes.
Sign Up with Email
OR
Log In

You Might Also Like...

Show Comments

Extras

Top Quizzes Today


Score Distribution

Your Account Isn't Verified!

In order to create a playlist on Sporcle, you need to verify the email address you used during registration. Go to your Sporcle Settings to finish the process.

Report this User

Report this user for behavior that violates our Community Guidelines.

Details: